[Event "NZL-ch Major op"]
[Site "Auckland"]
[Date "2014.01.06"]
[Round "3"]
[White "Mukkattu, Philip"]
[Black "Michael, Andrew"]
[Result "1/2-1/2"]
[WhiteElo "1770"]
[BlackElo "1795"]
[PlyCount "72"]
[EventDate "2014.01.04"]
[EventType "swiss"]
[EventRounds "9"]
[EventCountry "NZL"]
[SourceTitle "EXT 2018"]
[Source "ChessBase"]
[SourceDate "2017.10.13"]
[SourceVersion "1"]
[SourceVersionDate "2017.10.13"]
[SourceQuality "1"]

1. d4 Nf6 2. c4 g6 3. Nc3 Bg7 4. e4 d6 5. f4 0-0 6. Nf3 Bg4 7. h3 Bxf3 8. Qxf3 Nc6 9. Be3 e5 10. fxe5 dxe5 11. d5 Nd4 12. Qd1 Nh5 13. g4 Ng3 14. Rg1 Nxf1 15. Kxf1 f5 16. gxf5 gxf5 17. Bxd4 exd4 18. Qxd4 fxe4+ 19. Ke2 Qf6 20. Qxf6 Rxf6 21. Rg4 Rg6 22. Nxe4 Re8 23. Rxg6 hxg6 24. Kf3 Rf8+ 25. Kg4 Rf5 26. Rb1 Be5 27. Re1 Kg7 28. h4 b6 29. b3 Rf4+ 30. Kg5 Rf5+ 31. Kg4 Rf4+ 32. Kh3 Rf3+ 33. Kg2 Rf4 34. Ng5 Rg4+ 35. Kf3 Rf4+ 36. Kg2 Rg4+ 1/2-1/2

[Event "NZL-ch Major op"]
[Site "Auckland"]
[Date "2011.01.12"]
[Round "11"]
[White "Zhang, Leo Li Ao"]
[Black "Michael, Andrew"]
[Result "0-1"]
[WhiteElo "1209"]
[BlackElo "1693"]
[PlyCount "102"]
[EventDate "2011.01.02"]
[EventType "swiss"]
[EventRounds "11"]
[EventCountry "NZL"]
[SourceTitle "EXT 2018"]
[Source "ChessBase"]
[SourceDate "2017.10.13"]
[SourceVersion "1"]
[SourceVersionDate "2017.10.13"]
[SourceQuality "1"]

1. e4 c5 2. Nf3 d6 3. d4 cxd4 4. Nxd4 Nf6 5. Nc3 g6 6. Be3 Bg7 7. f3 Nc6 8. Qd2 0-0 9. Bc4 Bd7 10. 0-0-0 Rc8 11. h4 Nxd4 12. Qxd4 Ng4 13. Bxf7+ Rxf7 14. Qd3 Nxe3 15. Qxe3 Rxc3 16. bxc3 Qa5 17. Kd2 Be5 18. Ke2 Bb5+ 19. Kf2 Qxa2 20. Rhe1 Qxc2+ 21. Kg1 Qxc3 22. Qxa7 Qc5+ 23. Qxc5 dxc5 24. Rd5 Bd4+ 25. Kh2 Kg7 26. Kh3 Bc4 27. Rd8 Bf2 28. Rb1 b5 29. Rb8 b4 30. Rb2 Be6+ 31. Kh2 Be3 32. Rb6 Bd4 33. Rd2 Bd7 34. Rxb4 Be5+ 35. Kg1 cxb4 36. Rxd7 Bc3 37. Rb7 e5 38. Rb5 h5 39. Kf2 Rd7 40. Ke3 Rd1 41. Rb7+ Kf6 42. Kf2 Rd6 43. Kf1 Rd2 44. Kg1 Rb2 45. Rb6+ Kg7 46. Rb7+ Kh6 47. Rb5 b3 48. Kf1 Rb1+ 49. Ke2 b2 50. Kd3 Bd4 51. Kc2 Rc1+ 0-1

[Event "NZL-ch Major op"]
[Site "Auckland"]
[Date "2011.01.10"]
[Round "9"]
[White "Michael, Andrew"]
[Black "Yang, Scott"]
[Result "1/2-1/2"]
[WhiteElo "1693"]
[BlackElo "1648"]
[PlyCount "101"]
[EventDate "2011.01.02"]
[EventType "swiss"]
[EventRounds "11"]
[EventCountry "NZL"]
[SourceTitle "EXT 2018"]
[Source "ChessBase"]
[SourceDate "2017.10.13"]
[SourceVersion "1"]
[SourceVersionDate "2017.10.13"]
[SourceQuality "1"]

1. d4 d5 2. Nf3 e6 3. e3 c5 4. c3 Nf6 5. b3 Be7 6. Bd3 0-0 7. Qc2 Nc6 8. 0-0 Qc7 9. dxc5 e5 10. Be2 Bxc5 11. Ba3 Bxa3 12. Nxa3 a6 13. Qb2 e4 14. Nd4 Ne5 15. h3 Ng6 16. Rfd1 Qe5 17. Bf1 Ne8 18. Qe2 f5 19. g3 Rf6 20. Nac2 Ne7 21. f4 exf3 22. Qxf3 Rg6 23. Ne2 Nf6 24. Nf4 Rh6 25. c4 Be6 26. Nxe6 Qxe6 27. Nd4 Qe5 28. cxd5 Rg6 29. Ne2 Nfxd5 30. Kf2 Nf6 31. Qf4 Ne4+ 32. Kf3 Qa5 33. Kg2 Nd5 34. Qf3 Re8 35. Kh2 Rf6 36. Nf4 Nxf4 37. exf4 Nd2 38. Qg2 Nxf1+ 39. Qxf1 Rfe6 40. Qc4 Kh8 41. b4 Qb6 42. Rd2 Qe3 43. Rad1 Rg6 44. Rg2 Rge6 45. Qd5 Qe4 46. Rd4 Qxd5 47. Rxd5 g6 48. Rd7 R8e7 49. Rxe7 Rxe7 50. Rc2 Kg7 51. Kg2 1/2-1/2

[Event "NZL-ch Major op"]
[Site "Auckland"]
[Date "2011.01.09"]
[Round "8"]
[White "Michael, Andrew"]
[Black "Kolev, Stefan"]
[Result "0-1"]
[WhiteElo "1693"]
[BlackElo "1511"]
[PlyCount "116"]
[EventDate "2011.01.02"]
[EventType "swiss"]
[EventRounds "11"]
[EventCountry "NZL"]
[SourceTitle "EXT 2018"]
[Source "ChessBase"]
[SourceDate "2017.10.13"]
[SourceVersion "1"]
[SourceVersionDate "2017.10.13"]
[SourceQuality "1"]

1. d4 d5 2. Nf3 Nf6 3. Nc3 c6 4. e3 e6 5. Bd3 Bd6 6. 0-0 0-0 7. e4 dxe4 8. Nxe4 Nxe4 9. Bxe4 Nd7 10. c4 Nf6 11. Bg5 h6 12. Bxf6 Qxf6 13. Re1 Rd8 14. Qb3 Bc7 15. Rad1 Rb8 16. Ne5 c5 17. Qf3 cxd4 18. Qxf6 gxf6 19. Nf3 e5 20. Nh4 b6 21. Rd3 Bd6 22. Rg3+ Kh8 23. Nf5 Bxf5 24. Bxf5 b5 25. cxb5 Rxb5 26. b3 Ra5 27. Re2 Rc5 28. h4 Rc1+ 29. Kh2 e4 30. Bxe4 Bxg3+ 31. Kxg3 d3 32. Rd2 Rd4 33. f3 Rc5 34. Rxd3 Rxd3 35. Bxd3 a5 36. a4 Kg7 37. Kf4 Kf8 38. Kg3 Ke7 39. Bc4 Rc7 40. f4 Kd6 41. Kf2 Re7 42. Bd3 Kc5 43. g3 Kd4 44. Bc4 f5 45. Be2 Rc7 46. Bc4 Rxc4 47. bxc4 Kxc4 48. Ke2 Kb4 49. Kd2 Kxa4 50. Kc2 Kb4 51. h5 a4 52. Kb2 Kc4 53. Ka3 Kd4 54. Kxa4 Ke3 55. Kb4 Kf3 56. Kc3 Kxg3 57. Kd3 Kxf4 58. Ke2 Kg3 0-1

[Event "NZL-ch Major op"]
[Site "Auckland"]
[Date "2011.01.06"]
[Round "5"]
[White "Halim, Johari"]
[Black "Michael, Andrew"]
[Result "1-0"]
[WhiteElo "1940"]
[BlackElo "1693"]
[PlyCount "49"]
[EventDate "2011.01.02"]
[EventType "swiss"]
[EventRounds "11"]
[EventCountry "NZL"]
[SourceTitle "EXT 2018"]
[Source "ChessBase"]
[SourceDate "2017.10.13"]
[SourceVersion "1"]
[SourceVersionDate "2017.10.13"]
[SourceQuality "1"]

1. Nf3 d5 2. d4 Nf6 3. c4 e6 4. e3 Bb4+ 5. Bd2 Bxd2+ 6. Nbxd2 0-0 7. Bd3 dxc4 8. Nxc4 c5 9. dxc5 Nc6 10. 0-0 Qc7 11. a3 b6 12. cxb6 axb6 13. Qc2 Ba6 14. Nce5 Bxd3 15. Nxd3 Rac8 16. Rac1 Rfd8 17. Nb4 Rd6 18. Ne5 Nd5 19. Nbxc6 f6 20. Ne7+ Qxe7 21. Qxc8+ Rd8 22. Nc6 Rxc8 23. Nxe7+ Nxe7 24. Rxc8+ Nxc8 25. Rd1 1-0

[Event "NZL-ch Major op"]
[Site "Auckland"]
[Date "2011.01.03"]
[Round "2"]
[White "Michael, Andrew"]
[Black "Jia, Hao"]
[Result "1/2-1/2"]
[WhiteElo "1693"]
[BlackElo "1459"]
[PlyCount "85"]
[EventDate "2011.01.02"]
[EventType "swiss"]
[EventRounds "11"]
[EventCountry "NZL"]
[SourceTitle "EXT 2018"]
[Source "ChessBase"]
[SourceDate "2017.10.13"]
[SourceVersion "1"]
[SourceVersionDate "2017.10.13"]
[SourceQuality "1"]

1. d4 f5 2. Bg5 Nf6 3. Bxf6 exf6 4. e3 d5 5. Nf3 Be6 6. Bd3 g6 7. Nbd2 Nd7 8. Qe2 c6 9. 0-0 Qc7 10. c4 Be7 11. cxd5 Bxd5 12. e4 fxe4 13. Bxe4 Nb6 14. Rfe1 Bxe4 15. Nxe4 0-0-0 16. Nxf6 Bxf6 17. Qe6+ Nd7 18. d5 c5 19. d6 Qc6 20. Ne5 Bxe5 21. Rxe5 Kb8 22. Re3 Nb6 23. Rd3 Rhe8 24. Qf6 Qe4 25. Re3 Qd4 26. Qf7 Qh8 27. Qc7+ Ka8 28. Re7 Rxe7 29. dxe7 Rd7 30. Qxc5 Qe8 31. Re1 Kb8 32. Qe5+ Rc7 33. Qg7 Nc8 34. Qxh7 Rxe7 35. Rxe7 Qxe7 36. Qxe7 Nxe7 37. f4 Kc7 38. Kf2 Kd6 39. Ke3 Ke6 40. g4 b5 41. Ke4 a5 42. h4 a4 43. a3 1/2-1/2

[Event "NZL-ch Major"]
[Site "Auckland"]
[Date "2010.01.12"]
[Round "11"]
[White "Michael, Andrew"]
[Black "Pakenham, John"]
[Result "1-0"]
[WhiteElo "1829"]
[BlackElo "1760"]
[PlyCount "70"]
[EventDate "2010.01.02"]
[EventType "swiss"]
[EventRounds "11"]
[EventCountry "NZL"]
[SourceTitle "CBM 134 Extra"]
[Source "ChessBase"]
[SourceDate "2010.03.03"]
[SourceVersion "1"]
[SourceVersionDate "2010.03.03"]
[SourceQuality "1"]

1. d4 d5 2. c4 e5 3. cxd5 Qxd5 4. Nf3 Bb4+ 5. Nc3 e4 6. Ne5 c6 7. e3 b5 8. Bd2 Bxc3 9. bxc3 a6 10. c4 Qe6 11. Be2 Nh6 12. Bc3 Bb7 13. c5 0-0 14. 0-0 f6 15. Ng4 Nf5 16. h3 a5 17. Qb3 Qxb3 18. axb3 b4 19. Bc4+ Kh8 20. Bb2 h5 21. Nh2 Ne7 22. Rfc1 Nd5 23. Nf1 f5 24. Ng3 g6 25. Ra4 h4 26. Ne2 g5 27. Rca1 f4 28. Bxd5 cxd5 29. Rxa5 Nc6 30. Rxa8 Bxa8 31. exf4 gxf4 32. Nxf4 Ne7 33. Ra7 Nc6 34. Ng6+ Kg8 35. Ne7+ Kh8 1-0

[Event "NZL-ch Major"]
[Site "Auckland"]
[Date "2010.01.08"]
[Round "7"]
[White "Michael, Andrew"]
[Black "Garland, Mana"]
[Result "1-0"]
[WhiteElo "1829"]
[BlackElo "1535"]
[PlyCount "101"]
[EventDate "2010.01.02"]
[EventType "swiss"]
[EventRounds "11"]
[EventCountry "NZL"]
[SourceTitle "CBM 134 Extra"]
[Source "ChessBase"]
[SourceDate "2010.03.03"]
[SourceVersion "1"]
[SourceVersionDate "2010.03.03"]
[SourceQuality "1"]

1. d4 d5 2. e4 dxe4 3. Bb5+ Bd7 4. Qe2 c6 5. Bc4 Bf5 6. Nc3 Nf6 7. Be3 e6 8. a3 Be7 9. h3 h6 10. Qd2 Nd5 11. Nxd5 exd5 12. Ba2 Nd7 13. Ne2 Nf6 14. Ng3 Bg6 15. c4 0-0 16. Rc1 Qd7 17. 0-0 Rfc8 18. Qe2 Bd6 19. Nh1 Qc7 20. Rfe1 Qd7 21. cxd5 cxd5 22. Qd2 Kh7 23. Ng3 Bxg3 24. fxg3 Rc6 25. g4 Rac8 26. b4 a6 27. Rc5 b6 28. Rxc6 Rxc6 29. Rc1 Ne8 30. Bb3 b5 31. Rc5 Rxc5 32. bxc5 f6 33. Qa5 Qc6 34. a4 Nc7 35. g3 Be8 36. axb5 axb5 37. Qa2 Bf7 38. Qa5 Ne6 39. Qb6 Be8 40. h4 Bd7 41. Qb8 Nc7 42. Qf8 Bxg4 43. Qd6 Bd7 44. Bf4 Ne6 45. Bxd5 Qc8 46. Bxe4+ Kh8 47. Be3 Qc7 48. Qxc7 Nxc7 49. d5 b4 50. c6 Bg4 51. d6 1-0